| 000 | | | 03834nmc2a22002653x 450 |
| 001 | | | 2f74894e-728e-4cfc-8390-ade0a49d1f4e |
| 005 | | | 20230905004150.0 |
| 100 | ## | $a | 20230329l17811916k l0rusy0189 ca |
| 101 | 0# | $a | rus |
| | $a | lat |
| 102 | ## | $a | RU |
| 105 | ## | $a | y### |
| 122 | 2# | $a | d |
| 200 | 1# | $a | Акты о вводе Фридриха (Федора) Кауфмана во владение двумя дворцами в Варшаве |
| | $j | 1781 г. - [1910-е] гг. |
| 215 | ## | $a | 7 л. |
| | $d | 24х38 см |
| 251 | ## | $c | Дело |
| 300 | ## | $a | Материалы для истории рода |
| 300 | ## | $a | На русском и латинском языках |
| 300 | ## | $a | Выписки из актовых книг Варшавского архива древних актов (1910-е годы) |
| 371 | ## | $a | Документ не является опубликованным и широко распространяемым |
| 461 | #0 | $1 | 00190e07281-0192-43e2-b84a-6d6cf747817c |
| | $1 | 2001 |
| | $a | Фон Кауфманы и фон Кауфманы Туркестанские |
| | $1 | 251 |
| | $c | Фонд |
| | $1 | 852 |
| | $j | 954 |
| 462 | #0 | $1 | 001ff04dd05-f76b-4284-9957-af4e9e6c0442 |
| | $1 | 2001 |
| | $a | Материалы к истории рода Kауфманов; личные и служебные документы К.П., М.П., П.М. Кауфмана |
| | $1 | 251 |
| | $c | Опись |
| | $1 | 852 |
| | $j | 1 |
| 801 | #0 | $a | RU |
| | $b | РГИА |
| | $c | 20230329 |
| | $g | RCR |
| 801 | #1 | $a | RU |
| | $b | ГлавНИВЦ |
| | $c | 20230329 |
| | $2 | rusmarc |
| 801 | #2 | $a | RU |
| | $b | ПБ им. Б.Н. Ельцина |
| | $c | 20230905 |
| | $g | RCR |
| | $2 | rusmarc |
| 850 | ## | $a | РГИА |
| 852 | ## | $a | РГИА |
| | $e | Федеральное казенное учреждение "Российский государственный исторический архив" (РГИА) |
| | $j | 9 |
| 937 | ## | $h | РГИА |
| | $d | 12385232 |
| | $a | ASBIBLIO_SCAN |
| 035 | ## | $a | RusGRCC00059500 |
| 856 | ## | $u | http://readingroom.main.prlib.ru/item.aspx?id_node=n187358980&mode=full |